Paralelné metódy mapovania sekvencií DNA

Guardado en:
Detalles Bibliográficos
Autor principal: Valíček, Šimon (Autor)
Otros Autores: Lucká, Mária (Orientador)
Formato: Manuscrito Libro
Lenguaje:eslovaco
Publicado: 2017
Materias:
Acceso en línea:http://is.stuba.sk/zp/portal_zp.pl?podrobnosti=119344
Etiquetas: Agregar Etiqueta
Sin Etiquetas, Sea el primero en etiquetar este registro!

MARC

LEADER 00000ntm a22000003a 4500
001 stuzp58961
003 SK-STU
005 20170624210726.6
007 ta
008 150427s2015----xo-----f-mn---000-0-slo-d
040 |a STU  |b slo 
041 0 |a slo 
100 1 |a Valíček, Šimon  |u 070200  |4 aut  |U FIIT Fakulta informatiky a informačných technológií  |T FIIT Ústav informatiky, informačných systémov a softvérového inžinierstva  |X 8900  |U I200  |Y 179  |7 A000008900 
242 0 1 |a Parallel methods of mapping DNA sequences  |y eng 
245 1 0 |a Paralelné metódy mapovania sekvencií DNA 
260 |c 2017 
650 4 |a Indexové štruktúry  |2 slo 
650 4 |a Paralelné výpočty  |2 slo 
650 4 |a Mapovanie DNA  |2 slo 
650 4 |a DNA mapping  |2 eng 
650 4 |a Index structures  |2 eng 
650 4 |a Parallel computing  |2 eng 
700 1 |a Lucká, Mária  |u 070200  |k Z1  |4 ths  |U FIIT Fakulta informatiky a informačných technológií  |T FIIT Ústav informatiky, informačných systémov a softvérového inžinierstva  |X 9204  |U I200  |Y 179  |7 9204 
856 4 |u http://is.stuba.sk/zp/portal_zp.pl?podrobnosti=119344 
996 |b 11161  |c I* DP72/17  |l II680  |s P  |a 0  |w stuzp58961_0001